000 00575nam a2200205 b 4500
001 00000000086007
003 OSt
005 20130430145405.0
008 070410s1961 esp 000 1 spa d
040 _aBP-GC
_cBMC
082 _a843
100 _aBernardin de Saint-Pierre, Henri
_9325
_d1737-1814
245 1 0 _aPablo y Virginia
_c Bernardin de Sain-Pierre ; [traducción de Luis Cernuda]
250 _a4ª ed
260 _aMadrid
_bEspasa-Calpe
_c1967
300 _a366 p.
_c18 cm
490 _aAustral
_v393
700 _9352
_aCernuda, Luis
_d1902-1963
942 _2ddc
_cBK
999 _c296
_d296